00522nam a2200169Ia 4500003000400000005001700004008004100021040000700062041001200069082001600081100003600097245014400133260003500277300001200312365001000324650001800334OSt20251205124830.0210719s1973 xx 000 0 und d cAL aKannada aK894.2 KAIH aKAILASAMdಕೈಲಾಸಂ aHigu unte? athva bandvalillada badayi!bಹೀಗೂ ಉಂಟೆ? ಅಥ್ವಾ ಬಂಡ್ವಾಳಿಲ್ಲದ ಬಡಾಯಿ  aBengalurubBi Es Ramaravc1973 a108bPB b3cRs aKannada Drama